| 000 | 00467nam a22001697a 4500 | ||
|---|---|---|---|
| 003 | SISC | ||
| 005 | 20161123142145.0 | ||
| 008 | 161123b xxu||||| |||| 00| 0 eng d | ||
| 020 | _a9781937842321 | ||
| 050 |
_aQA 76.73.S67 _b.F296 2015 |
||
| 100 | _aFehily, Chris. | ||
| 245 |
_aSQL tricks / _cChris Fehily. |
||
| 260 |
_aUSA : _bQuesting Vole Press, _c2015. |
||
| 300 |
_avii, 110 pages : _billustrations ; _c25 cm. |
||
| 500 | _aIncludes index. | ||
| 942 |
_2lcc _cBK |
||
| 999 |
_c305286 _d305286 |
||